| 000 | 00890nas a2200313 4500 | ||
|---|---|---|---|
| 001 | BR7601856 | ||
| 003 | BR-BrBNA | ||
| 005 | 20231205082942.0 | ||
| 007 | ta | ||
| 008 | 230509b bl.|||p| |||| 00| 00por d | ||
| 040 |
_aBR-BrBNA _bpor _cBiblioteca Nacional de Agricultura |
||
| 041 | _a(Pt) | ||
| 072 | _aF10 | ||
| 100 | 1 | _aMota, F.S. | |
| 100 | 1 | _aBeirsdorf, M.I.C. | |
| 100 | 1 | _aAcosta, M.J.C. | |
| 100 | 1 | _aMotta, W.A. | |
| 100 | 1 | _aWestphalen, S.L. | |
| 245 | 1 | _aZoneamento climatico do feijoeiro (Phaseolus vulgaris L.)[Rio Grande do Sul, Brasil] | |
| 650 | _aCLIMATOLOGIA | ||
| 650 | _aFEIJAO | ||
| 650 | _aZONA CLIMATICA | ||
| 650 | _aCLIMA | ||
| 650 | _aPLANTIO | ||
| 650 | _aRIO GRANDE DO SUL | ||
| 773 | 0 |
_tIPAGRO Informa (Brazil) _xISSN 0100-3410 _g(Jul 1976), (no. 14) p. 18-20 _wBR7601856 |
|
| 909 |
_a202311 _bLúcia _c55 _dLúcia Elande |
||
| 942 |
_2AGRIS _n0 _cANA |
||
| 999 |
_c95334 _d95334 |
||